• 首页
  • 本馆介绍
  • 公告通知
  • 最新文献
  • 馆藏检索
  • 电子资源
  • 读者导购
  • 参考咨询
  • 我的图书馆
  • 登录
  • 详细信息显示
  • 放入我的书架
  • 预约/预借图书
  • 作者相关作品
  • 分类相关作品
  • 丛书相关作品
  • 出版社相关作品

书目信息

  • 表格格式
  • 工作单格式
  • 卡片格式
题名:
论价值规律在社会主义建设中的作用
    
 
作者: 张维达 著
分册:  
出版信息: 长春   吉林人民出版社  1981
页数: 142页
开本: 19cm
丛书名:
单 册:
中图分类: F045.31 , F045.3
科图分类:
主题词: 社会主义经济-经济规律--研究 , 经济规律-社会主义经济--研究 , 社会主义社会--生产方式
电子资源:
ISBN:
000 00805nam0 2200277 45
001 0181002729
005 20040421105750.2
010    @dCNY0.33
091    @a4091.153
100    @a19950524d1981 em y0chiy0121 ea
101 0  @achi
102    @aCN@b220000
105    @ay z 000yy
106    @ar
200 10 @a论价值规律在社会主义建设中的作用@Alun jia zhi gui lv zai she hui zhu yi jian she zhong de zuo yong@f张维达著
210    @a长春@c吉林人民出版社@d1981
215    @a142页@d19cm
606    @a社会主义经济-经济规律@x研究
606    @a经济规律-社会主义经济@x研究
606 0  @a社会主义社会@x生产方式
690    @aF045.31@v3
690    @aF045.3
701  0 @a张维达@Azhang wei da@4著
801  0 @aCN@b上海图书馆@c20040421
801  2 @aCN@bNLC@c20040421
905    @f3@b67942-944@dF045.3@e22
    
    论价值规律在社会主义建设中的作用/张维达著.-长春:吉林人民出版社,1981
    142页;19cm
    
    
    ISBN :CNY0.33
    
●
相关链接 在E读中查询图书 在五车中查询图书 在当当中查询图书 在豆瓣中查询图书


正题名:论价值规律在社会主义建设中的作用     索取号:F045.3/22         预约/预借

序号 登录号 条形码 馆藏地/架位号 状态 备注
1 0067941   001791797   密集书库/ [索取号:F045.3/22] 在馆    
2 0067942   000192856   密集书库/ [索取号:F045.3/22] 在馆    
3 0067943   000192829   密集书库/ [索取号:F045.3/22] 在馆    
4 0067944   000192838   第一借阅区/ [索取号:F045.3/22] 在馆    
5 0067945   000192847   第一样本阅览室/ [索取号:F045.3/22] 在馆    
唐山师范学院图书馆 欢迎您!
大连网信软件有限公司© 版权所有